Théâtre complet / (Record no. 300565)
[ view plain ]
| 000 -LEADER | |
|---|---|
| fixed length control field | 00892nam a2200265 a 4500 |
| 001 - CONTROL NUMBER | |
| control field | 000835843 |
| 003 - CONTROL NUMBER IDENTIFIER | |
| control field | AM-YeHGA |
| 005 - DATE AND TIME OF LATEST TRANSACTION | |
| control field | 20250618073956.0 |
| 008 - FIXED-LENGTH DATA ELEMENTS--GENERAL INFORMATION | |
| fixed length control field | 990421s1963 fr a b 000 0 fre d |
| 040 ## - CATALOGING SOURCE | |
| Original cataloging agency | AM-YeHGA |
| 041 0# - LANGUAGE CODE | |
| Language code of text/sound track or separate title | fre |
| 090 ## - LOCALLY ASSIGNED LC-TYPE CALL NUMBER (OCLC); LOCAL CALL NUMBER (RLIN) | |
| -- | 302262 |
| 100 1# - MAIN ENTRY--PERSONAL NAME | |
| Personal name | Racine, Jean, |
| Dates associated with a name | 1639-1699. |
| 245 10 - TITLE STATEMENT | |
| Title | Théâtre complet / |
| Statement of responsibility, etc. | Racine ; Preface de Charles Peguy ; Notes de Jose Lupin. |
| 246 13 - VARYING FORM OF TITLE | |
| Title proper/short title | Théâtre complet de Racine |
| 260 ## - PUBLICATION, DISTRIBUTION, ETC. | |
| Place of publication, distribution, etc. | Paris : |
| Name of publisher, distributor, etc. | Le Livre de Poche, |
| Date of publication, distribution, etc. | [1963]. |
| 300 ## - PHYSICAL DESCRIPTION | |
| Extent | v. |
| 440 #0 - SERIES STATEMENT/ADDED ENTRY--TITLE | |
| Title | Oeuvres de Racine |
| Volume/sequential designation | T. 1 |
| 440 #3 - SERIES STATEMENT/ADDED ENTRY--TITLE | |
| Title | Le livre de poche classique |
| Volume/sequential designation | 1068/1069 |
| 505 1# - FORMATTED CONTENTS NOTE | |
| Miscellaneous information | Tom. 1 (1963 ;438 p.) : |
| Title | [La Thébäide ; Alexandre le Grand ; Andromaque ; Les plaideurs ; Britannicus ; Bérénice] |
| 650 14 - SUBJECT ADDED ENTRY--TOPICAL TERM | |
| Topical term or geographic name entry element | Plays |
| 650 14 - SUBJECT ADDED ENTRY--TOPICAL TERM | |
| Topical term or geographic name entry element | Ֆրանսիական գրականություն |
| 9 (RLIN) | 4810 |
| 700 1# - ADDED ENTRY--PERSONAL NAME | |
| Personal name | Peguy, Charles |
| Relationship | aui |
| 700 1# - ADDED ENTRY--PERSONAL NAME | |
| Personal name | Lupin, Jose |
| Relationship | aft |
| Withdrawn status | Lost status | Source of classification or shelving scheme | Damaged status | Not for loan | Collection | Home library | Current library | Date acquired | Serial enumeration / chronology | Total checkouts | Full call number | Barcode | Date last seen | Price effective from | Koha item type | Public note |
|---|---|---|---|---|---|---|---|---|---|---|---|---|---|---|---|---|
| Universal Decimal Classification | Merdinian Individual Collection | Fundamental Scientific Library | Fundamental Scientific Library | 09/01/2017 | T. 1 | Merd/3290 | FL0205129 | 09/01/2017 | 09/01/2017 | Գրքեր / Books | ILL Non-Circ. |
ՀՀ Գիտությունների ազգային ակադեմիայի հիմնարար գիտական գրադարան = Fundamental Scientific Library of NAS RA
All site content, except where otherwise noted, is licensed under a